书目信息 |
| 题名: |
你应该知道中年人如何保健
|
|
| 作者: | 孟庆轩 , 陈国珍 主编 ;鲁东明 编著 | |
| 分册: | ||
| 出版信息: | 北京 中国纺织出版社 2005 |
|
| 页数: | 12,328页 | |
| 开本: | 23cm | |
| 丛书名: | ||
| 单 册: | ||
| 中图分类: | R161.6 | |
| 科图分类: | ||
| 主题词: | 中年人--保健 , 中年人 , 保健 | |
| 电子资源: | ||
| ISBN: | 7-5064-3205-6 | |
| 000 | 01211nam0 2200361 450 | |
| 000 | 01174nam0 2200349 450 | |
| 000 | 01172nam0 2200361 450 | |
| 000 | 01118nam0 2200337 450 | |
| 000 | 01136nam0 2200325 450 | |
| 000 | 01099nam0 2200313 45 | |
| 001 | TS2006030008 | |
| 005 | 20061229085424.26 | |
| 010 | @a7-5064-3205-6@dCNY28.00 | |
| 100 | @a20060829d2005 em y0chiy0110 ea | |
| 101 | 0 | @achi |
| 102 | @aCN@b110000 | |
| 105 | @aa z 000yy | |
| 200 | 1 | @a你应该知道中年人如何保健@Ani ying gai zhi dao zhong nian ren ru he bao jian@f孟庆轩,陈国珍主编@g鲁东明等编著 |
| 210 | @a北京@c中国纺织出版社@d2005 | |
| 215 | @a12,328页@d23cm | |
| 300 | @a生活与保健 | |
| 330 | @a本书介绍了中年人的日常保健,饮食保健,运动保健,中年女性和中年男性的特殊保健等。 | |
| 606 | 0 | @a中年人@x保健 |
| 606 | 0 | @a中年人 |
| 606 | 0 | @a保健 |
| 690 | @aR161.6@v4 | |
| 701 | 0 | @a孟庆轩@Ameng qing xuan@c(医学)@4主编 |
| 701 | 0 | @a陈国珍@Achen guo zhen@c(医学)@4主编 |
| 702 | 0 | @a鲁东明@Alu dong ming@c(保健医学)@4编著 |
| 801 | 0 | @aCN@b中图数据@c20061229 |
| 905 | @a10447@dR161.6@e133 | |
| 你应该知道中年人如何保健/孟庆轩,陈国珍主编/鲁东明等编著.-北京:中国纺织出版社,2005 |
| 12,328页;23cm |
| 生活与保健 |
| ISBN 7-5064-3205-6:CNY28.00 |
| 本书介绍了中年人的日常保健,饮食保健,运动保健,中年女性和中年男性的特殊保健等。 |
| ● |
| 相关链接 |
|
|
|
|
正题名:你应该知道中年人如何保健
索取号:R161.6/133
 
预约/预借
| 序号 | 登录号 | 条形码 | 馆藏地/架位号 | 状态 | 备注 |
| 1 | 0616201 | 206162016 | 第二样本阅览室/ [索取号:R161.6/133] | 在馆 | |
| 2 | 0616202 | 206162025 | 教育系资料室/ [索取号:R161.6/133] | 在馆 | |
| 3 | 0616203 | 206162034 | 教育系资料室/ [索取号:R161.6/133] | 在馆 | |
| 4 | 0616204 | 206162043 | 第三借阅区/ [索取号:R161.6/133] | 在馆 | |
| 5 | 0616205 | 206162052 | 第三借阅区/ [索取号:R161.6/133] | 在馆 |